Statistics for Superman Facts

Click here to take the quiz!

General Stats

  • This quiz has been taken 18,594 times
  • The average score is 13 of 19

Answer Stats

HintAnswer% Correct
His alter egoClark Kent
97%
Planet where he was bornKrypton
91%
He is part of this team of superherosThe {Justice} League
87%
His wealthy arch-nemesisLex Luthor
86%
His primary love interestLois Lane
86%
Superman is faster than
a speeding ______
Bullet
81%
Company that makes Superman comicsDC Comics
81%
City he lives inMetropolis
79%
His female cousin, also a superheroSupergirl
77%
Town where he grew upSmallville
73%
Newspaper he works forDaily Planet
70%
His birth nameKal-El
69%
… which is usually located
in this U.S state
Kansas
65%
Actor who played Superman
in the 1978 movie
Christopher Reeve
63%
Villain from his home planetGeneral {Zod}
57%
... and can leap ____ _______
in a single bound
Tall Buildings
56%
His father's nameJor-El
46%
Villain who is a twisted, opposite
version of Superman
Bizarro
41%
Villain who killed Superman
in a 1992 comic
Doomsday
33%

Score Distribution

Percentile by Number Answered

Percent of People with Each Score

Your Score History

You have not taken this quiz